000 02664cam a2200553 a 4500
001 8942
003 FISKH
005 20251111083007.0
008 090713s2010 nyuab j b 001 0 eng
010 _a 2009028630
020 _a9780531205860
_qlib. bdg.
020 _a9780531212493
020 _a053120586X
_qlib. bdg.
020 _a9780531212493
_qpbk.
020 _a0531212491
_qpbk.
040 _aDLC
_cDLC
_dDLC
_beng
050 0 0 _aE179.5
_b.D654 2010
082 0 0 _a978/.02
_222
100 1 _aDomnauer, Teresa.
245 1 0 _aWestward expansion /
_cTeresa Domnauer.
260 _aNew York :
_bChildren's Press,
_c2010.
300 _a48 pages :
_b color illustrations ;
_c22 cm
336 _atext
_btxt
_2rdacontent
337 _aunmediated
_bn
_2rdamedia
338 _avolume
_bnc
_2rdacarrier
490 1 _aA true book
504 _aIncludes bibliographical references (p. 44) and index.
505 0 _aA growing nation : why did people begin moving to the West? -- Beyond the Appalachians : who blazed a trail through the Appalachian Mountains? -- Exploring the West : how did men and women work together to explore the West? -- Native American struggles : why were Native Americans forced to leave their homelands? -- Pathway to the Pacific : why did the United States fight a war with Mexico? -- The end of the frontier : what dangers did cowboys face in the West?
520 _aDescribes the causes, methods, people, and effects of the expansion of the original thirteen colonies to the West.
650 0 _aFrontier and pioneer life
_zWest (U.S.)
_vJuvenile literature.
650 0 _aIndians of North America
_zWest (U.S.)
_xHistory
_vJuvenile literature.
650 0 _aIndians of North America
_xGovernment relations
_vJuvenile literature.
650 0 _aOverland journeys to the Pacific
_vJuvenile literature.
650 1 _aFrontier and pioneer life
_zWest (U.S.)
650 1 _aIndians of North America
_zWest (U.S.)
_xHistory.
650 1 _aIndians of North America
_xGovernment relations.
650 1 _aOverland journeys to the Pacific.
651 0 _aUnited States
_xTerritorial expansion
_vJuvenile literature.
651 0 _aWest (U.S.)
_xDiscovery and exploration
_vJuvenile literature.
651 0 _aWest (U.S.)
_xHistory
_y19th century
_vJuvenile literature.
651 1 _aUnited States
_xTerritorial expansion.
651 1 _aWest (U.S.)
_xDiscovery and exploration.
651 1 _aWest (U.S.)
_xHistory
_y19th century.
655 7 _aLiterature.
_2lcgft
_0https://id.loc.gov/authorities/genreForms/gf2014026415
830 0 _aTrue book.
906 _a7
_bcbc
_corignew
_d1
_eecip
_f20
_gy-gencatlg
942 _2ddc
_cBK
_n0
999 _c8942
_d8942